000 00501nam a2200181Ia 4500
001 16629
005 20260306170323.0
008 260306t2018||||xx |||||||||||||| ||und||
041 _aESP
082 _a348.8
_bT68
100 _aToledo Toribio, Omar
_eAUT
245 0 _aLa casación laboral, análisis doctrinario y jurisprudencial:
_banálisis doctrinario y jurisprudencial
260 _c2018
300 _a309 páginas :
_c25 cm.
650 _aGEN
654 _aCDE
942 _cLIB
_dJUS
_fJUS
_2ddc
_n
999 _c16629
_d16629